Statistiken für Bundesliga: Spieler mit den meisten Meisterschaften

Klicken Sie hier um das Quiz zu spielen!

Allgemein

  • Dieses Quiz wurde 187 mal gespielt
  • Das Durchschnittsergebnis liegt bei 16 aus 32

Antwortstatistiken

AnzahlVerein(e)ZeitraumSpieler% Korrekt
12Bayern2010-2023Thomas Müller
100%
11Bayern2012-2023Manuel Neuer
97%
10Dortmund, Bayern2011-2022Robert Lewandowski
93%
6Dortmund, Bayern2011-2019Mats Hummels
92%
8Bayern2010–2019Arjen Robben
87%
9Bayern2008–2019Franck Ribery
87%
8Bayern2006-2017Philipp Lahm
87%
8Bayern2016-2023Joshua Kimmich
85%
8Bayern2003-2015Bastian Schweinsteiger
83%
9Bayern2013–2021Jérôme Boateng
83%
8Bayern2016-2023Kingsley Coman
77%
8Bayern1997-2008Oliver Kahn
72%
10Bayern2010-2021David Alaba
60%
9Bayern2013–2021Javi Martínez
60%
7Bayern2016-2023Sven Ulreich
60%
7Bayern1985-2000Lothar Matthäus
57%
7Bayern2013-2020Thiago
51%
8Bayern1994-2007Mehmet Scholl
44%
7Bayern2013–2019Rafinha
36%
6Bayern2010–2017Holger Badstuber
30%
6Bayern2003-2015Claudio Pizarro
29%
6Bayern1998–2004Bixente Lizarazu
19%
6Bayern2012–2018Tom Starke
19%
6Bayern1999–2007Hasan Salihamidzic
16%
7Bayern1994–2005Alexander Zickler
15%
6Bayern1999–2006Jens Jeremies
13%
7Bayern1980-1990Klaus Augenthaler
13%
7Bayern1997-2008Bernd Dreher
8%
6Bayern1998–2005Samuel Kuffour
8%
6Bayern1985–1994Raimond Aumann
7%
6Bayern1989–2000Sven Scheuer
4%
6Bayern, Stuttgart1985-1992Ludwig Kögl
3%

Verteilung der Resultate

Perzentil nach korrekt beantworteten Fragen

Anzahl Personen mit jedem Resultat

Ihre Resultats-Entwicklung

Sie haben dieses Quiz noch nicht gespielt